000 00397nam a22001817a 4500
003 OSt
005 20211014113711.0
008 211014b |||||||| |||| 00| 0 eng d
020 _a139781429214261
040 _cHU
082 _a304.2/HUM
100 _aTERR G.JORDAN
_913622
245 _aTHE HUMAN MOSAIC
250 _a11ND
260 _aAMERICA
300 _a452/P
942 _2ddc
_cBOOKS
_n0
999 _c12741
_d12741